| 000 | 00666nam a2200217 a 4500 | ||
|---|---|---|---|
| 001 | 23794 | ||
| 003 | CO-ViMGA | ||
| 008 | 141112s2004 ck r 000 u spa d | ||
| 020 | _a9786077686712 | ||
| 040 |
_aCO-ViMGA _bspa _cCO-ViMGA |
||
| 082 | 0 | 4 | _aMEVIGAPOR.65 G837c |
| 100 | 1 |
_aGuerrero, Vicente _934426 |
|
| 245 | 1 | 0 |
_aComunicaciones Industriales / _cVicente Guerrero |
| 260 |
_aMéxico : _bMarcombo |
||
| 300 | _a409p. | ||
| 650 | 1 | 4 |
_aARQUITECTURA DE REDES DE COMPUTADORES _925762 |
| 650 | 1 | 4 |
_aPROTOCOLOS DE REDES DE COMPUTADORES _934427 |
| 650 | 1 | 4 |
_aREDES DE COMPUTADORES _917280 |
| 650 | 1 | 4 |
_aSISTEMAS DE TRANSMICION DE DATOS _934428 |
| 942 |
_2ddc _cBK |
||
| 999 |
_c31877 _d31877 |
||